[Event "World Senior Teams +50"]
[Site "Dresden GER"]
[Date "2015.02.24"]
[Round "1.1"]
[White "Nunn, John D M"]
[Black "Huelsmann, Josef"]
[Result "1-0"]
[WhiteTitle "GM"]
[WhiteElo "2601"]
[BlackElo "2178"]
[WhiteTeam "England 1"]
[BlackTeam "Mattadore Rheinland"]
[WhiteFideId "400017"]
[BlackFideId "4607929"]
[EventDate "2015.02.24"]

1. e4 e6 2. d4 d5 3. Nc3 Nf6 4. e5 Nfd7 5. f4 c5 6. Nf3 Nc6 7. Be3 Qb6 8. Na4
Qa5+ 9. c3 b6 10. Bd2 c4 11. b4 Nxb4 12. cxb4 Bxb4 13. Qc2 Bxd2+ 14. Nxd2 f6 15.
Nc3 b5 16. Rb1 a6 17. Be2 fxe5 18. fxe5 O-O 19. Nf3 Qb6 20. Qd2 Rb8 21. a3 Qa5
22. O-O Qxa3 23. Ng5 Qe7 24. Bg4 Rxf1+ 25. Rxf1 Nf8 26. Rf7 Qd8 27. Rf1 a5 28.
Nf7 Qe7 29. Nd6 b4 30. Nxd5 Qa7 31. Rf7 Qxf7 32. Nxf7 Kxf7 33. Qf4+ Ke8 34. Nc7+
Ke7 35. d5 b3 36. d6+ Kd7 37. Bf3 1-0

[Event "World Senior Teams +50"]
[Site "Dresden GER"]
[Date "2015.02.24"]
[Round "1.2"]
[White "Weisshaupt, Rainer"]
[Black "Speelman, Jon S"]
[Result "0-1"]
[BlackTitle "GM"]
[WhiteElo "2136"]
[BlackElo "2506"]
[WhiteTeam "Mattadore Rheinland"]
[BlackTeam "England 1"]
[WhiteFideId "4621689"]
[BlackFideId "400033"]
[EventDate "2015.02.24"]

1. d4 e6 2. c4 b6 3. Nc3 Bb7 4. e4 Bb4 5. f3 Qh4+ 6. g3 Qe7 7. Bg2 f5 8. Ne2 Nc6
9. O-O O-O-O 10. exf5 Nh6 11. f6 Qxf6 12. Ne4 Qf8 13. a3 Be7 14. d5 Na5 15. dxe6
dxe6 16. Qc2 Nf5 17. g4 Nh4 18. Be3 Nxg2 19. Kxg2 h5 20. g5 Nc6 21. Qc3 h4 22.
Rad1 Qf5 23. Rxd8+ Rxd8 24. Qxg7 Rd3 25. Bf4 e5 26. Bc1 h3+ 27. Kg3 Qxe4 28.
Qh8+ Nd8 0-1

[Event "World Senior Teams +50"]
[Site "Dresden GER"]
[Date "2015.02.24"]
[Round "1.3"]
[White "Arkell, Keith C"]
[Black "Haselhorst, Helmut"]
[Result "1-0"]
[WhiteTitle "GM"]
[WhiteElo "2510"]
[BlackElo "2103"]
[WhiteTeam "England 1"]
[BlackTeam "Mattadore Rheinland"]
[WhiteFideId "400270"]
[BlackFideId "4612825"]
[EventDate "2015.02.24"]

1. d4 Nf6 2. Nf3 g6 3. c4 Bg7 4. g3 O-O 5. Bg2 d6 6. O-O Nc6 7. Nc3 a6 8. b3 Rb8
9. Nd5 Nh5 10. Bb2 e6 11. Nc3 e5 12. dxe5 Nxe5 13. Nxe5 Bxe5 14. Qd2 Be6 15.
Rac1 Bg7 16. Rfd1 b5 17. Nd5 c5 18. Bxg7 Nxg7 19. cxb5 axb5 20. Ne3 Nf5 21. Nxf5
Bxf5 22. Qxd6 Qxd6 23. Rxd6 c4 24. Bd5 cxb3 25. axb3 Rfd8 26. Rxd8+ Rxd8 27. e4
Be6 28. Bxe6 fxe6 29. Rc5 Rd4 30. Rxb5 Rxe4 31. Rb7 Re2 32. Kg2 Rb2 33. h4 e5
34. Kf3 e4+ 35. Ke3 h6 36. b4 Kf8 37. g4 Kg8 38. b5 Kh8 39. b6 Kg8 40. Kxe4 Rxf2
41. Rc7 1-0

[Event "World Senior Teams +50"]
[Site "Dresden GER"]
[Date "2015.02.24"]
[Round "1.4"]
[White "Kurka, Dieter"]
[Black "Chapman, Terry P D"]
[Result "0-1"]
[BlackTitle "FM"]
[WhiteElo "2051"]
[BlackElo "2262"]
[WhiteTeam "Mattadore Rheinland"]
[BlackTeam "England 1"]
[WhiteFideId "12902047"]
[BlackFideId "413399"]
[EventDate "2015.02.24"]

1. d4 Nf6 2. c4 c5 3. d5 b5 4. cxb5 a6 5. Nc3 axb5 6. Nxb5 Ba6 7. e3 Bxb5 8.
Bxb5 Qa5+ 9. Bd2 Qxb5 10. Qc2 Na6 11. d6 Nb4 12. Bxb4 Qxb4+ 13. Kf1 exd6 14. Ne2
Be7 15. Nf4 O-O 16. f3 Rfb8 17. b3 d5 18. Nd3 Qb5 19. Kf2 c4 20. Nc1 Bc5 21.
bxc4 dxc4 22. Ne2 Nd5 0-1

[Event "World Senior Teams +50"]
[Site "Dresden GER"]
[Date "2015.02.25"]
[Round "2.1"]
[White "Heinsohn, Guenther"]
[Black "Short, Nigel D"]
[Result "0-1"]
[BlackTitle "GM"]
[WhiteElo "2092"]
[BlackElo "2664"]
[WhiteTeam "SV Lok Engelsdorf"]
[BlackTeam "England 1"]
[WhiteFideId "4641140"]
[BlackFideId "400025"]
[EventDate "2015.02.24"]

1. e4 c5 2. Nf3 d6 3. Bb5+ Bd7 4. Bxd7+ Nxd7 5. O-O Ngf6 6. Re1 g6 7. c3 Bg7 8.
d4 O-O 9. h3 Qb6 10. d5 Rfe8 11. c4 e6 12. Nc3 exd5 13. exd5 Qb4 14. Rxe8+ Rxe8
15. Nd2 Ne5 16. a3 Qb6 17. Qc2 Qd8 18. Rb1 a6 19. b3 Nh5 20. Nde4 h6 21. f4 Nd7
22. Kh2 f5 23. Ng3 Nxg3 24. Kxg3 Nf6 25. Kh2 h5 26. Bd2 Ng4+ 27. Kh1 Qh4 0-1

[Event "World Senior Teams +50"]
[Site "Dresden GER"]
[Date "2015.02.25"]
[Round "2.2"]
[White "Nunn, John D M"]
[Black "Beltz, Robert"]
[Result "1-0"]
[WhiteTitle "GM"]
[WhiteElo "2601"]
[BlackElo "2171"]
[WhiteTeam "England 1"]
[BlackTeam "SV Lok Engelsdorf"]
[WhiteFideId "400017"]
[BlackFideId "1271028"]
[EventDate "2015.02.24"]

1. e4 c5 2. Nf3 d6 3. d4 cxd4 4. Nxd4 Nf6 5. Nc3 g6 6. g3 Bg7 7. Bg2 O-O 8. O-O
Bg4 9. f3 Bd7 10. Be3 Nc6 11. Qd2 Re8 12. Rad1 Qc8 13. g4 Rb8 14. Kh1 b5 15.
Nxc6 Bxc6 16. Bxa7 b4 17. Ne2 Ra8 18. Bd4 Rxa2 19. Qxb4 Qa8 20. Nc3 Ra5 21. b3
h5 22. gxh5 Nxh5 23. Bxg7 Kxg7 24. Qd4+ f6 25. Ne2 Qa6 26. Qe3 Rh8 27. Kg1 g5
28. Rfe1 Bd7 29. Bf1 Qc8 30. c4 Bh3 31. Ra1 Re5 32. Ra2 Bxf1 33. Rxf1 Qh3 34.
Qf2 Kf7 35. Qg2 Qc8 36. Kh1 Qc5 37. Qf2 Qc8 38. Rg1 Qb7 39. Qe3 Ng7 40. Nd4 Rh4
41. Qe1 1-0

[Event "World Senior Teams +50"]
[Site "Dresden GER"]
[Date "2015.02.25"]
[Round "2.3"]
[White "Pruefer, Friedbert"]
[Black "Speelman, Jon S"]
[Result "0-1"]
[BlackTitle "GM"]
[WhiteElo "2216"]
[BlackElo "2506"]
[WhiteTeam "SV Lok Engelsdorf"]
[BlackTeam "England 1"]
[WhiteFideId "24699772"]
[BlackFideId "400033"]
[EventDate "2015.02.24"]

1. d4 e6 2. g3 c5 3. Nf3 b5 4. Bg2 Bb7 5. O-O Nf6 6. a4 b4 7. Nbd2 d5 8. c4 Nbd7
9. cxd5 Bxd5 10. Re1 cxd4 11. Nxd4 Bxg2 12. Kxg2 e5 13. N4b3 Qc8 14. Nf3 Be7 15.
Bg5 Qb7 16. e4 a5 17. Bxf6 Bxf6 18. Rc1 O-O 19. Qe2 Qb6 20. Rc2 Qe6 21. Qe3 Bd8
22. Nc5 Nxc5 23. Qxc5 b3 24. Rc4 Be7 25. Qc6 Qxc6 26. Rxc6 f6 27. Re3 Rfb8 28.
Nd2 Rb4 29. Rxb3 Rxa4 30. Nc4 Ra7 31. Rb5 Kf7 32. Kf3 Rb4 33. Rxb4 Bxb4 34. b3
Rd7 35. Ke3 Rd1 36. Ra6 Rb1 37. Ke2 Rxb3 38. Nxa5 Rb2+ 39. Kf1 Bc5 40. f4 exf4
41. gxf4 Rf2+ 42. Ke1 Rxf4 0-1

[Event "World Senior Teams +50"]
[Site "Dresden GER"]
[Date "2015.02.25"]
[Round "2.4"]
[White "Chapman, Terry P D"]
[Black "Hamori, Antal Dr."]
[Result "1-0"]
[WhiteTitle "FM"]
[WhiteElo "2262"]
[BlackElo "2225"]
[WhiteTeam "England 1"]
[BlackTeam "SV Lok Engelsdorf"]
[WhiteFideId "413399"]
[BlackFideId "702692"]
[EventDate "2015.02.24"]

1. Nf3 Nf6 2. c4 g6 3. d4 Bg7 4. g3 c6 5. Nc3 d5 6. cxd5 cxd5 7. Ne5 O-O 8. Bg2
e6 9. O-O Nfd7 10. Nf3 Nc6 11. e4 dxe4 12. Nxe4 Nb6 13. Bg5 f6 14. Be3 Nd5 15.
Rc1 Nxe3 16. fxe3 Qe7 17. a3 Rd8 18. Qb3 Kh8 19. Rf2 e5 20. d5 Na5 21. Qb4 Qxb4
22. axb4 Nb3 23. Rc3 Bf5 24. Nh4 Bxe4 25. Bxe4 f5 26. Bg2 Na1 27. Ra3 Bh6 28.
Re2 1-0

[Event "World Senior Teams +50"]
[Site "Dresden GER"]
[Date "2015.02.26"]
[Round "3.1"]
[White "Short, Nigel D"]
[Black "Meister, Jakob"]
[Result "1-0"]
[WhiteTitle "GM"]
[BlackTitle "GM"]
[WhiteElo "2664"]
[BlackElo "2478"]
[WhiteTeam "England 1"]
[BlackTeam "Emanuel Lasker Gesellschaft"]
[WhiteFideId "400025"]
[BlackFideId "4102541"]
[EventDate "2015.02.24"]

1. c4 e6 2. Nc3 d5 3. d4 Bb4 4. a3 Bxc3+ 5. bxc3 c5 6. e3 Nf6 7. cxd5 Qxd5 8.
Nf3 Nc6 9. c4 Qd6 10. Be2 b6 11. O-O Bb7 12. a4 Rd8 13. Bb2 Qc7 14. Rc1 Qe7 15.
Qb3 O-O 16. Ba3 Na5 17. Qb2 Nd7 18. Rfd1 Rfe8 19. Qc2 e5 20. d5 Bc8 21. Bb2 f6
22. Bc3 Nb7 23. a5 Nd6 24. Ra1 Nf8 25. axb6 axb6 26. Qb3 Bg4 27. h3 Bxf3 28.
Bxf3 Rb8 29. Ra6 Nd7 30. Rda1 f5 31. Ra7 Nc8 32. Rc7 e4 33. Qb5 Rd8 34. Bd1 Nd6
35. Qc6 Ne8 36. Rca7 Rbc8 37. Qe6+ Qxe6 38. dxe6 Ndf6 39. Ba4 Ra8 40. Bc6 Rxa7
41. Rxa7 Rd6 42. Bd7 Kf8 43. Bc8 Rc6 44. Rf7+ Kg8 45. Bd7 Rd6 46. Be5 Rd1+ 47.
Kh2 Nxd7 48. Rxd7 Rd3 49. Kg3 Nf6 50. Bxf6 gxf6 51. Kf4 Kf8 52. Kxf5 b5 53. Kxf6 1-0

[Event "World Senior Teams +50"]
[Site "Dresden GER"]
[Date "2015.02.26"]
[Round "3.2"]
[White "Gruenberg, Hans-Ulrich"]
[Black "Speelman, Jon S"]
[Result "0-1"]
[WhiteTitle "IM"]
[BlackTitle "GM"]
[WhiteElo "2375"]
[BlackElo "2506"]
[WhiteTeam "Emanuel Lasker Gesellschaft"]
[BlackTeam "England 1"]
[WhiteFideId "4611306"]
[BlackFideId "400033"]
[EventDate "2015.02.24"]

1. d4 e6 2. Nf3 c5 3. g3 b5 4. Bg2 Bb7 5. O-O Nf6 6. Na3 a6 7. c4 cxd4 8. cxb5
Bxa3 9. bxa3 axb5 10. Qxd4 O-O 11. Bb2 Nc6 12. Qd3 Nd5 13. e4 Nb6 14. Rad1 Nc4
15. Qc3 f6 16. Bc1 Qe7 17. Rd3 N6e5 18. Nxe5 Nxe5 19. Rd4 Nc4 20. Rfd1 Bc6 21.
Bf1 Kh8 22. Bxc4 e5 23. Rd6 bxc4 24. Qxc4 Ra4 25. Qc5 Qf7 26. f3 Rc4 27. Qf2 f5
28. Be3 fxe4 29. f4 Qh5 30. Qd2 exf4 31. Bxf4 e3 32. Qxe3 Re4 33. Qc3 Re2 0-1

[Event "World Senior Teams +50"]
[Site "Dresden GER"]
[Date "2015.02.26"]
[Round "3.3"]
[White "Arkell, Keith C"]
[Black "Espig, Lutz"]
[Result "1-0"]
[WhiteTitle "GM"]
[BlackTitle "GM"]
[WhiteElo "2510"]
[BlackElo "2294"]
[WhiteTeam "England 1"]
[BlackTeam "Emanuel Lasker Gesellschaft"]
[WhiteFideId "400270"]
[BlackFideId "4611276"]
[EventDate "2015.02.24"]

1. d4 Nf6 2. Nf3 d6 3. c4 Nbd7 4. Nc3 g6 5. g3 Bg7 6. Bg2 O-O 7. O-O e5 8. e4 c6
9. h3 Re8 10. Re1 Qb6 11. d5 cxd5 12. cxd5 Nc5 13. Rb1 a5 14. Be3 Bd7 15. Nd2
Rec8 16. Nb3 a4 17. Nxc5 dxc5 18. b4 axb3 19. Rxb3 Qa5 20. Bd2 b5 21. Nxb5 Qxa2
22. Nc3 Qa7 23. Qc2 c4 24. Rb2 Bf8 25. Be3 Bc5 26. Bxc5 Qxc5 27. Reb1 Ne8 28.
Rb7 Rc7 29. R7b6 Nd6 30. Qd2 Kg7 31. Kh2 Nc8 32. R6b2 Ra3 33. Rc2 Nd6 34. f4 f6
35. fxe5 fxe5 36. Rf1 Nf7 37. Qc1 Rb3 38. Rcf2 Be8 39. d6 Nxd6 40. Nd5 Rf7 41.
Nf6 Rbb7 42. h4 Bb5 43. Rf3 Ne8 44. Qg5 Nxf6 45. Rxf6 c3 46. R1f5 c2 47. Rxf7+
Rxf7 48. Rxe5 Qc3 49. Rc5 Bc4 50. h5 1-0

[Event "World Senior Teams +50"]
[Site "Dresden GER"]
[Date "2015.02.26"]
[Round "3.4"]
[White "Koehler, Gerhard2"]
[Black "Chapman, Terry P D"]
[Result "1-0"]
[BlackTitle "FM"]
[WhiteElo "2120"]
[BlackElo "2262"]
[WhiteTeam "Emanuel Lasker Gesellschaft"]
[BlackTeam "England 1"]
[WhiteFideId "12909700"]
[BlackFideId "413399"]
[EventDate "2015.02.24"]

1. c4 Nf6 2. Nc3 c5 3. g3 d5 4. cxd5 Nxd5 5. Bg2 Nc7 6. Nf3 Nc6 7. O-O g6 8. d3
Bg7 9. a3 O-O 10. Bd2 Rb8 11. Rb1 Nd4 12. b4 Bg4 13. bxc5 Nxf3+ 14. exf3 Bf5 15.
Ne4 Qxd3 16. Bf4 Qxd1 17. Rfxd1 e5 18. Bg5 b5 19. Be7 Rfc8 20. Rbc1 Bf8 21. Bxf8
Kxf8 22. Nd6 Rd8 23. Nxf5 gxf5 24. Bh3 Ne6 25. Bxf5 Nd4 26. Bd3 Rbc8 27. Kg2 h6
28. Be4 Rc7 29. f4 exf4 30. gxf4 Ke7 31. Rc3 f5 32. Bb1 Rg8+ 33. Rg3 Rxg3+ 34.
fxg3 Nb3 35. Bxf5 Nxc5 36. g4 Ne6 37. Re1 Rc6 38. Rxe6+ Rxe6 39. Bxe6 Kxe6 40.
Kf3 Kd5 41. Ke3 a5 42. Kd3 Kc5 43. h4 1-0

[Event "World Senior Teams +50"]
[Site "Dresden GER"]
[Date "2015.02.27"]
[Round "4.1"]
[White "Ftacnik, Lubomir"]
[Black "Short, Nigel D"]
[Result "1/2-1/2"]
[WhiteTitle "GM"]
[BlackTitle "GM"]
[WhiteElo "2545"]
[BlackElo "2664"]
[WhiteTeam "Slovakia"]
[BlackTeam "England 1"]
[WhiteFideId "14900017"]
[BlackFideId "400025"]
[EventDate "2015.02.24"]

1. d4 Nf6 2. Nf3 d5 3. c4 e6 4. Nc3 Be7 5. Bf4 c5 6. dxc5 Na6 7. e3 Nxc5 8. cxd5
Nxd5 9. Nxd5 exd5 10. Bb5+ Bd7 11. Bxd7+ Qxd7 12. O-O O-O 13. Rc1 Rac8 14. Be5
b5 15. Bd4 Ne6 16. Qd2 a6 17. Bc3 Qb7 18. Bb4 Bxb4 19. Qxb4 Rc4 20. Qd2 Nc5 21.
Qe2 Ne4 22. Nd2 Rxc1 1/2-1/2

[Event "World Senior Teams +50"]
[Site "Dresden GER"]
[Date "2015.02.27"]
[Round "4.2"]
[White "Nunn, John D M"]
[Black "Stohl, Igor"]
[Result "1/2-1/2"]
[WhiteTitle "GM"]
[BlackTitle "GM"]
[WhiteElo "2601"]
[BlackElo "2493"]
[WhiteTeam "England 1"]
[BlackTeam "Slovakia"]
[WhiteFideId "400017"]
[BlackFideId "14900025"]
[EventDate "2015.02.24"]

1. e4 e5 2. Nf3 Nc6 3. Bb5 a6 4. Ba4 Nf6 5. O-O Be7 6. Re1 b5 7. Bb3 d6 8. c3
O-O 9. d3 Na5 10. Bc2 c5 11. Nbd2 Nc6 12. Nf1 Re8 13. Ng3 Bf8 14. h3 g6 15. d4
cxd4 16. cxd4 exd4 17. Nxd4 Nxd4 18. Qxd4 Bg7 19. Qd3 Bb7 20. Bg5 h6 21. Bf4 d5
22. e5 1/2-1/2

[Event "World Senior Teams +50"]
[Site "Dresden GER"]
[Date "2015.02.27"]
[Round "4.3"]
[White "Timoscenko, Gennadij"]
[Black "Speelman, Jon S"]
[Result "1/2-1/2"]
[WhiteTitle "GM"]
[BlackTitle "GM"]
[WhiteElo "2457"]
[BlackElo "2506"]
[WhiteTeam "Slovakia"]
[BlackTeam "England 1"]
[WhiteFideId "14901536"]
[BlackFideId "400033"]
[EventDate "2015.02.24"]

1. d4 e6 2. c4 b6 3. a3 Bb7 4. Nc3 f5 5. Nf3 Nf6 6. g3 Ne4 7. Qc2 Be7 8. Bg2 O-O
9. O-O Bf6 10. Rd1 Nxc3 11. Qxc3 c5 12. Be3 Nc6 13. Qd3 cxd4 14. Nxd4 Qe7 15.
Nxc6 1/2-1/2

[Event "World Senior Teams +50"]
[Site "Dresden GER"]
[Date "2015.02.27"]
[Round "4.4"]
[White "Arkell, Keith C"]
[Black "Petran, Peter"]
[Result "0-1"]
[WhiteTitle "GM"]
[BlackTitle "IM"]
[WhiteElo "2510"]
[BlackElo "2352"]
[WhiteTeam "England 1"]
[BlackTeam "Slovakia"]
[WhiteFideId "400270"]
[BlackFideId "14900114"]
[EventDate "2015.02.24"]

1. d4 f5 2. g3 g6 3. Bg2 Bg7 4. Nf3 c6 5. O-O d6 6. b3 Nh6 7. Re1 Nf7 8. e4 O-O
9. exf5 gxf5 10. Ng5 e5 11. Nxf7 Kxf7 12. Ba3 exd4 13. Bb2 Qf6 14. Qh5+ Kg8 15.
Rd1 c5 16. c3 Nc6 17. cxd4 f4 18. Rd2 Nxd4 19. Bxd4 cxd4 20. Bd5+ Kh8 21. Be4
Qh6 22. Qxh6 Bxh6 23. Rd1 fxg3 24. hxg3 Bg4 25. f3 Bxf3 26. Bxf3 Rxf3 27. Kg2
Raf8 28. Na3 Bg7 29. Rf1 Rxf1 30. Rxf1 Rxf1 31. Kxf1 Be5 32. Kf2 h5 33. Nc4 Kg7
34. Nb2 Kf6 35. Kf3 Kf5 36. Nc4 d3 37. Ne3+ Kg5 38. Nf1 Bd4 39. Ke4 Bf2 40. Kf3
Bc5 41. Nd2 d5 42. Nb1 Bb4 43. Ke3 Kg4 44. a3 Bc5+ 0-1

[Event "World Senior Teams +50"]
[Site "Dresden GER"]
[Date "2015.02.28"]
[Round "5.1"]
[White "Bischoff, Klaus"]
[Black "Ftacnik, Lubomir"]
[Result "1/2-1/2"]
[WhiteTitle "GM"]
[BlackTitle "GM"]
[WhiteElo "2495"]
[BlackElo "2545"]
[WhiteTeam "Germany"]
[BlackTeam "Slovakia"]
[WhiteFideId "4600045"]
[BlackFideId "14900017"]
[EventDate "2015.02.24"]

1. c4 Nf6 2. Nc3 c5 3. Nf3 g6 4. d4 cxd4 5. Nxd4 Nc6 6. Nc2 Bg7 7. g3 O-O 8. Bg2
d6 9. Ne3 Ng4 10. Nxg4 Bxg4 11. Bd2 Ne5 12. b3 Nd3+ 13. Kf1 Nc5 14. Rc1 a5 15.
Be3 Rb8 16. Qd2 Bd7 17. h4 h5 18. Bf3 Bc6 19. Kg2 Nd7 20. Rhd1 Ne5 21. Bd5 Ng4
22. Bg5 Nf6 23. Bf3 Qd7 24. Nd5 Bxd5 25. cxd5 a4 26. Qe3 axb3 27. axb3 Rfc8 28.
Rc4 Rxc4 29. bxc4 Rc8 30. Rc1 Rc5 31. Qb3 b5 32. Be3 Rxc4 33. Rxc4 bxc4 34. Qxc4
Ng4 35. Bxg4 hxg4 36. Qe4 1/2-1/2

[Event "World Senior Teams +50"]
[Site "Dresden GER"]
[Date "2015.02.28"]
[Round "5.2"]
[White "Stohl, Igor"]
[Black "Volke, Karsten"]
[Result "1/2-1/2"]
[WhiteTitle "GM"]
[BlackTitle "IM"]
[WhiteElo "2493"]
[BlackElo "2470"]
[WhiteTeam "Slovakia"]
[BlackTeam "Germany"]
[WhiteFideId "14900025"]
[BlackFideId "4611411"]
[EventDate "2015.02.24"]

1. Nf3 Nf6 2. c4 e6 3. d4 d5 4. Nc3 c6 5. e3 Nbd7 6. Qc2 Bd6 7. b3 O-O 8. Be2 e5
9. cxd5 cxd5 10. Nb5 Bb4+ 11. Bd2 Bxd2+ 12. Nxd2 e4 13. Rc1 1/2-1/2

[Event "World Senior Teams +50"]
[Site "Dresden GER"]
[Date "2015.02.28"]
[Round "5.3"]
[White "Tischbierek, Raj"]
[Black "Timoscenko, Gennadij"]
[Result "1/2-1/2"]
[WhiteTitle "GM"]
[BlackTitle "GM"]
[WhiteElo "2420"]
[BlackElo "2457"]
[WhiteTeam "Germany"]
[BlackTeam "Slovakia"]
[WhiteFideId "4611322"]
[BlackFideId "14901536"]
[EventDate "2015.02.24"]

1. e4 e5 2. Nf3 Nc6 3. Bb5 a6 4. Ba4 Nf6 5. O-O Be7 6. d3 b5 7. Bb3 d6 8. a3 O-O
9. Nc3 Bg4 10. Be3 Qd7 11. h3 Be6 12. Nd5 Na5 13. Ba2 Nxd5 14. exd5 Bf5 15. b4
Nb7 16. c4 c6 17. d4 cxd5 18. cxb5 axb5 19. Bxd5 Bf6 20. Qb3 Rfc8 21. Bg5 Bc2
22. Qe3 exd4 23. Qd2 Bxg5 24. Nxg5 Bg6 25. f4 h6 26. f5 Bxf5 27. Nxf7 Be6 28.
Qxd4 Bxd5 29. Qxd5 Qc6 30. Nxh6+ Kh7 31. Qf5+ Kxh6 32. Rf4 Qb6+ 33. Kh1 Rc4 34.
Re1 g6 35. Qg4 Qd8 36. h4 Qf6 37. Rxc4 bxc4 38. Re6 Qf1+ 39. Kh2 Rg8 40. Qg5+
Kh7 41. h5 Qd3 42. hxg6+ Rxg6 43. Qh4+ Kg7 44. Qe7+ Kg8 45. Qe8+ Kg7 46. Qe7+
Kg8 47. Qe8+ Kh7 48. Re7+ Kh6 49. Re6 Kh7 50. Qf7+ Kh6 51. Qf4+ 1/2-1/2

[Event "World Senior Teams +50"]
[Site "Dresden GER"]
[Date "2015.02.28"]
[Round "5.4"]
[White "Petran, Peter"]
[Black "Gauglitz, Gernot"]
[Result "1/2-1/2"]
[WhiteTitle "IM"]
[BlackTitle "IM"]
[WhiteElo "2352"]
[BlackElo "2393"]
[WhiteTeam "Slovakia"]
[BlackTeam "Germany"]
[WhiteFideId "14900114"]
[BlackFideId "4611365"]
[EventDate "2015.02.24"]

1. c4 c5 2. g3 Nc6 3. Bg2 g6 4. Nc3 Bg7 5. e3 d6 6. Nge2 e5 7. O-O Nge7 8. d3
O-O 9. Rb1 Be6 10. Nd5 Rb8 11. Nec3 Qd7 12. a3 Bh3 13. b4 Bxg2 14. Kxg2 Nxd5 15.
Nxd5 Ne7 16. Nxe7+ 1/2-1/2

[Event "World Senior Teams +50"]
[Site "Dresden GER"]
[Date "2015.03.01"]
[Round "6.1"]
[White "McNab, Colin A"]
[Black "Ftacnik, Lubomir"]
[Result "0-1"]
[WhiteTitle "GM"]
[BlackTitle "GM"]
[WhiteElo "2432"]
[BlackElo "2545"]
[WhiteTeam "Scotland 1"]
[BlackTeam "Slovakia"]
[WhiteFideId "2400030"]
[BlackFideId "14900017"]
[EventDate "2015.02.24"]

1. c4 Nf6 2. Nf3 c6 3. b3 d5 4. Bb2 Bf5 5. g3 e6 6. Bg2 Nbd7 7. O-O h6 8. d3 Bc5
9. Nbd2 O-O 10. d4 Be7 11. Ne5 Bh7 12. e3 a5 13. a3 Nxe5 14. dxe5 Nd7 15. cxd5
cxd5 16. e4 Nc5 17. exd5 exd5 18. Nf3 Qb6 19. Bd4 Qxb3 20. Bxc5 Qxd1 21. Rfxd1
Bxc5 22. Rxd5 b6 23. Nd2 Rad8 24. Nc4 Rxd5 25. Bxd5 Rd8 26. Rd1 Kf8 27. Rd2 Bf5
28. Kf1 Bc8 29. Ke1 Ba6 30. Nd6 Bxa3 31. Nxf7 Rxd5 32. Rxd5 Kxf7 33. Rd7+ Kg6
34. f4 h5 35. Ra7 Bc4 36. Kd2 Bc5 37. Kc3 Be6 38. Kd3 Bg1 39. Rb7 a4 40. Ke4 a3
41. Ra7 Bc5 42. Ra6 a2 43. Ra4 Bb4 44. h3 Bc3 45. g4 hxg4 46. hxg4 a1=Q 47. f5+ 0-1

[Event "World Senior Teams +50"]
[Site "Dresden GER"]
[Date "2015.03.01"]
[Round "6.2"]
[White "Stohl, Igor"]
[Black "Mannion, Stephen R"]
[Result "1/2-1/2"]
[WhiteTitle "GM"]
[BlackTitle "IM"]
[WhiteElo "2493"]
[BlackElo "2345"]
[WhiteTeam "Slovakia"]
[BlackTeam "Scotland 1"]
[WhiteFideId "14900025"]
[BlackFideId "2400111"]
[EventDate "2015.02.24"]

1. d4 d5 2. Nf3 Nf6 3. c4 dxc4 4. e3 e6 5. Bxc4 c5 6. O-O a6 7. Bb3 b5 8. a4 b4
9. e4 Bb7 10. e5 Ne4 11. Nbd2 Nxd2 12. Bxd2 cxd4 13. Ng5 Be7 14. Qh5 Bxg5 15.
Bxg5 Qd7 16. Rac1 Nc6 17. Rfd1 Na5 18. Ba2 Be4 19. Qh4 Qb7 20. Rxd4 b3 21. Bb1
Bxb1 22. Rxb1 Rc8 23. h3 h6 24. Rbd1 Nc6 25. Re4 a5 26. Be3 Ne7 1/2-1/2

[Event "World Senior Teams +50"]
[Site "Dresden GER"]
[Date "2015.03.01"]
[Round "6.3"]
[White "McKay, Roderick M"]
[Black "Timoscenko, Gennadij"]
[Result "1/2-1/2"]
[WhiteTitle "IM"]
[BlackTitle "GM"]
[WhiteElo "2348"]
[BlackElo "2457"]
[WhiteTeam "Scotland 1"]
[BlackTeam "Slovakia"]
[WhiteFideId "2400049"]
[BlackFideId "14901536"]
[EventDate "2015.02.24"]

1. e4 c5 2. Nf3 Nc6 3. d4 cxd4 4. Nxd4 Nf6 5. Nc3 e5 6. Ndb5 d6 7. Bg5 a6 8. Na3
b5 9. Nd5 Be7 10. Bxf6 Bxf6 11. c3 Ne7 12. Nxf6+ gxf6 13. Nc2 Bb7 14. Bd3 d5 15.
exd5 Qxd5 16. Ne3 Qe6 17. Qh5 O-O-O 18. Bc2 f5 19. Nxf5 Ng6 20. Ne3 Nf4 21. Qf5 1/2-1/2

[Event "World Senior Teams +50"]
[Site "Dresden GER"]
[Date "2015.03.01"]
[Round "6.4"]
[White "Petran, Peter"]
[Black "Bryson, Douglas M"]
[Result "1/2-1/2"]
[WhiteTitle "IM"]
[BlackTitle "IM"]
[WhiteElo "2352"]
[BlackElo "2351"]
[WhiteTeam "Slovakia"]
[BlackTeam "Scotland 1"]
[WhiteFideId "14900114"]
[BlackFideId "2400073"]
[EventDate "2015.02.24"]

1. g3 e5 2. c4 c6 3. d4 exd4 4. Qxd4 d5 5. cxd5 cxd5 6. Bg2 Be6 7. Nh3 Nc6 8.
Qd1 Bb4+ 9. Bd2 Bxd2+ 10. Qxd2 Nf6 11. Nf4 O-O 12. O-O Qb6 13. Nc3 Rad8 14. Rfd1
Rfe8 15. Ncxd5 Bxd5 16. Nxd5 Nxd5 17. Bxd5 Re5 18. e4 Rxe4 19. Bxe4 Rxd2 20.
Rxd2 Ne5 21. Rad1 g6 22. b3 h5 23. h3 h4 24. Kg2 hxg3 25. fxg3 Kg7 26. Re2 f6
27. Rf1 Qb4 28. Kh2 b5 29. Bg2 Qc3 30. Rff2 Qd4 31. Rd2 Qb6 32. Rfe2 a5 33. Re4
Qc5 34. Rde2 1/2-1/2